Introduction to information systems / (Record no. 19080)
[ view plain ]
| 000 -LEADER | |
|---|---|
| fixed length control field | 01089nam a22003138i 4500 |
| 001 - CONTROL NUMBER | |
| control field | 016658648 |
| 003 - CONTROL NUMBER IDENTIFIER | |
| control field | Uk |
| 005 - DATE AND TIME OF LATEST TRANSACTION | |
| control field | 20160207133519.0 |
| 008 - FIXED-LENGTH DATA ELEMENTS--GENERAL INFORMATION | |
| fixed length control field | 140321s2014 nyua 001 0 eng|d |
| 020 ## - INTERNATIONAL STANDARD BOOK NUMBER | |
| International Standard Book Number | 9789814599801 |
| 040 ## - CATALOGING SOURCE | |
| Original cataloging agency | StDuBDS |
| Language of cataloging | eng |
| Transcribing agency | StDuBDS |
| 082 04 - DEWEY DECIMAL CLASSIFICATION NUMBER | |
| Classification number | 658.4038011 |
| Item number | MAR |
| Edition number | 22 |
| 100 1# - MAIN ENTRY--PERSONAL NAME | |
| Personal name | Marakas, George M. |
| 9 (RLIN) | 19977 |
| 245 10 - TITLE STATEMENT | |
| Title | Introduction to information systems / |
| Statement of responsibility, etc | George M. Marakas, James A. O'Brien. |
| 250 ## - EDITION STATEMENT | |
| Edition statement | 16th ed., International Edituion. |
| 260 ## - PUBLICATION, DISTRIBUTION, ETC. (IMPRINT) | |
| Place of publication, distribution, etc | New York : |
| Name of publisher, distributor, etc | McGraw-Hill Education, |
| Date of publication, distribution, etc | 2014. |
| 300 ## - PHYSICAL DESCRIPTION | |
| Extent | xxxii, 732 p. : |
| Other physical details | ill. ; |
| Dimensions | 28 cm. |
| 500 ## - GENERAL NOTE | |
| General note | Previous edition: 2010. |
| 500 ## - GENERAL NOTE | |
| General note | International Student Edition is for use outside of the U.S. |
| 504 ## - BIBLIOGRAPHY, ETC. NOTE | |
| Bibliography, etc | Includes bibliographical references and index. |
| 650 #0 - SUBJECT ADDED ENTRY--TOPICAL TERM | |
| Topical term or geographic name as entry element | Business |
| General subdivision | Data processing. |
| Source of heading or term | BUEsh |
| 650 #0 - SUBJECT ADDED ENTRY--TOPICAL TERM | |
| Topical term or geographic name as entry element | Management |
| General subdivision | Data processing. |
| Source of heading or term | BUEsh |
| 650 #0 - SUBJECT ADDED ENTRY--TOPICAL TERM | |
| Topical term or geographic name as entry element | Management information systems. |
| Source of heading or term | BUEsh |
| 650 #0 - SUBJECT ADDED ENTRY--TOPICAL TERM | |
| Topical term or geographic name as entry element | Electronic commerce. |
| Source of heading or term | BUEsh |
| 651 ## - SUBJECT ADDED ENTRY--GEOGRAPHIC NAME | |
| Source of heading or term | BUEsh |
| 653 ## - INDEX TERM--UNCONTROLLED | |
| Resource For college | BAEPS, Business Administration |
| Arrived date list | March2015 |
| 700 1# - ADDED ENTRY--PERSONAL NAME | |
| Personal name | O'Brien, James A., |
| Dates associated with a name | 1936- |
| 9 (RLIN) | 31047 |
| 942 ## - ADDED ENTRY ELEMENTS (KOHA) | |
| Source of classification or shelving scheme | Dewey Decimal Classification |
| Call number prefix | 658.4038 MAR |
| Withdrawn status | Item status | Source of classification or shelving scheme | Damaged status | Not for loan | Vendor | Home library | Current library | Shelving location | Date acquired | Source of acquisition | Cost, normal purchase price | Total Checkouts | Total Renewals | Full call number | Barcode | Date last seen | Date last borrowed | Cost, replacement price | Koha item type |
|---|---|---|---|---|---|---|---|---|---|---|---|---|---|---|---|---|---|---|---|
| Dewey Decimal Classification | Baccah | Central Library | Central Library | First floor | 19/03/2015 | Purchase | 270.00 | 5 | 6 | 658.4038011 MAR | 000037535 | 15/07/2025 | 18/05/2024 | 338.00 | Book - Borrowing | ||||
| Dewey Decimal Classification | Baccah | Central Library | Central Library | First floor | 19/03/2015 | Purchase | 270.00 | 13 | 17 | 658.4038011 MAR | 000037534 | 15/07/2025 | 28/04/2018 | 338.00 | Book - Borrowing | ||||
| Dewey Decimal Classification | Baccah | Central Library | Central Library | First floor | 19/03/2015 | Purchase | 270.00 | 7 | 49 | 658.4038011 MAR | 000037533 | 15/07/2025 | 14/02/2018 | 338.00 | Book - Borrowing | ||||
| Dewey Decimal Classification | Baccah | Central Library | Central Library | First floor | 19/03/2015 | Purchase | 270.00 | 8 | 9 | 658.4038011 MAR | 000037532 | 15/07/2025 | 03/05/2018 | 338.00 | Book - Borrowing | ||||
| Dewey Decimal Classification | Baccah | Central Library | Central Library | First floor | 19/03/2015 | Purchase | 270.00 | 7 | 12 | 658.4038011 MAR | 000037667 | 15/07/2025 | 15/04/2018 | 338.00 | Book - Borrowing | ||||
| Dewey Decimal Classification | Baccah | Central Library | Central Library | First floor | 19/03/2015 | Purchase | 270.00 | 8 | 4 | 658.4038011 MAR | 000037666 | 15/07/2025 | 13/02/2019 | 338.00 | Book - Borrowing | ||||
| Dewey Decimal Classification | Baccah | Central Library | Central Library | First floor | 19/03/2015 | Purchase | 270.00 | 8 | 51 | 658.4038011 MAR | 000037665 | 15/07/2025 | 25/09/2019 | 338.00 | Book - Borrowing | ||||
| Dewey Decimal Classification | Baccah | Central Library | Central Library | First floor | 19/03/2015 | Purchase | 270.00 | 5 | 69 | 658.4038011 MAR | 000037664 | 15/07/2025 | 07/02/2018 | 338.00 | Book - Borrowing | ||||
| Dewey Decimal Classification | Baccah | Central Library | Central Library | First floor | 19/03/2015 | Purchase | 270.00 | 7 | 9 | 658.4038011 MAR | 000037663 | 15/07/2025 | 25/09/2019 | 338.00 | Book - Borrowing | ||||
| Dewey Decimal Classification | Baccah | Central Library | Central Library | First floor | 19/03/2015 | Purchase | 270.00 | 7 | 36 | 658.4038011 MAR | 000037662 | 15/07/2025 | 05/02/2018 | 338.00 | Book - Borrowing |